Pays ayant accueillis la coupe du monde de football - Statistiques

Statistiques générales
  • Ce quiz a été pris 260 fois
  • Le résultat moyen est 20 sur 23
Statistiques - réponses
année Pays % Correct
1950 Brésil
99%
2014 Brésil
99%
1938 France
99%
1998 France
99%
1974 Allemagne
98%
2006 Allemagne
98%
2022 Qatar
98%
2018 Russie
98%
1934 Italie
95%
1990 Italie
95%
1982 Espagne
94%
1978 Argentine
93%
1930 Uruguay
93%
2010 Afrique du sud
92%
2002 Japon
91%
1994 États unis
87%
1966 Angleterre
84%
1970 Mexique
84%
1986 Mexique
84%
2002 Corée du sud
82%
1958 Suède
67%
1962 Chili
60%
1954 Suisse
57%
Aucun quiz correspondant
Distribution des résultats
% des personnes avec chaque résultat
Percentile par nombre de réponses
Votre historique - résultats
Vous n’avez pas pris ce quiz